000
00437nam a2200169Ia 4500
008
090711s9999 xx 000 0 und d
082
_b
72615
100
_a
सडेकर रामSांद्र
245
_a
आग
260
_c
1994
300
_a
527
600
_a
सडेकर रामSांद्र
630
_a
आग
700
_a
सडेकर रामSांद्र
730
_a
आग
942
_c
BOOK
999
_c
304379
_d
304379